[Event "IND-ch U13 31st"]
[Site "Jalandhar"]
[Date "2017.06.21"]
[Round "1"]
[White "Kushagra, Mohan"]
[Black "Priyansh, Sahu"]
[Result "1-0"]
[WhiteElo "2003"]
[BlackElo "1373"]
[PlyCount "97"]
[EventDate "2017.06.21"]
[EventType "swiss"]
[EventRounds "11"]
[EventCountry "IND"]
[SourceTitle "CBM 179 Extra"]
[Source "ChessBase"]
[SourceDate "2017.08.23"]
[SourceVersion "1"]
[SourceVersionDate "2017.08.23"]
[SourceQuality "1"]

1. e4 c5 2. Nf3 d6 3. d4 cxd4 4. Nxd4 Nf6 5. Nc3 Nc6 6. Bg5 g6 7. Bxf6 exf6 8. Qd2 a6 9. 0-0-0 Ne5 10. f4 Bh6 11. Kb1 Bg4 12. Be2 Bxe2 13. Ndxe2 Nc4 14. Qd4 Rc8 15. b3 Na5 16. e5 fxe5 17. fxe5 Bg7 18. Qa4+ b5 19. Nxb5 axb5 20. Qxb5+ Nc6 21. Rxd6 Qa5 22. Qxa5 Nxa5 23. Nf4 0-0 24. Nd3 Nc6 25. Re1 Rfe8 26. Rd5 Re7 27. Rc5 Na7 28. Rxc8+ Nxc8 29. a4 Kf8 30. a5 Ke8 31. b4 Kd8 32. c4 Kc7 33. Kc2 h5 34. b5 g5 35. c5 h4 36. Nb4 Rxe5 37. Rxe5 Bxe5 38. b6+ Nxb6 39. axb6+ Kb7 40. h3 f5 41. Nd3 Bd4 42. Kb3 g4 43. Kc4 Be3 44. Kb5 gxh3 45. c6+ Kc8 46. gxh3 f4 47. Ne5 Bd4 48. b7+ Kc7 49. Nd7 1-0